Language Quiz

Random Language or German Quiz

Subcategory Sort: German, Italian, or Japanese Quiz Stats

 Plays Quiz Updated Nov 1, 2019

Score 0/45 Timer 05:00
9 Plays Today
% Correct
Bianco
79.7%
Drei
78.1%
Eins
77.7%
Blau
76%
Braun
75.8%
Dänemark
74.9%
Rosso
74.9%
Tre
74.8%
Papua Nuova Guinea
73.8%
Repubblica Centrafricana
72.7%
Dieci
72.1%
Österreich
71.5%
Grün
70.4%
Cinque
69.7%
Südafrika
69.2%
Due
68.8%
Rot
68.7%
Ichi
68.6%
Sechs
67.7%
Vereinigte Staaten
67.7%
Zehn
67%
Slovacchia
64.9%
64.4%
% Correct
Schwarz
63.3%
Tadschikistan
61.9%
Sieben
61.8%
Belgio
60.6%
Giallo
57.5%
Go
57.4%
Otto
57.3%
Nero
56.1%
Naijeria
55.9%
Giamaica
55.9%
Isuraeru
54.3%
Hachi
54.2%
Finrando
51.4%
Kiiro
48.8%
Midori
47.3%
Arancione
46.8%
Shiro
42.4%
Roku
40.3%
Aruzenchin
35.2%
Murasaki
34.1%
Girisha
29.9%
Daidaiiro
29.4%

You're not logged in!

Compare scores with friends on all Sporcle quizzes.
OR
Log In

Sporcle TV

Today on Sporcle TV


Watch our educational content, quiz creation guides, and fun videos on Sporcle TV.

Show Comments

Extras

Top Quizzes Today


Score Distribution

Your Account Isn't Verified!

In order to create a playlist on Sporcle, you need to verify the email address you used during registration. Go to your Sporcle Settings to finish the process.

Report this User

Report this user for behavior that violates our Community Guidelines.

Details: